| 000 | 02245nam a2200421 c 4500 | ||
|---|---|---|---|
| 003 | BLK | ||
| 005 | 20220205105409.0 | ||
| 008 | 180408b bul|||||r ||||||| ||bul|| | ||
| 010 | _aKNG00072727000 | ||
| 020 |
_a954-791-109-0 _bиздат.: Даниела Убенова |
||
| 040 | _aBLK | ||
| 041 |
_aBUL _cBUL |
||
| 080 |
_aВъзпитаване на лица, трудни за възпитаване - Възпитание на ранно развити деца, на високо надарени, разглезени, принудително възпитания на младежи, подлежащи на наказание. Вж и 343.81;343.8 _b376.5 _x.03(02.062) _z376.5.03(02.062) |
||
| 080 |
_aГении. Гениалност _b159.924 _x-053.2(02.062) _z159.924-053.2(02.062) |
||
| 080 |
_aВъзпитание у дома. Семейно възпитание _b37.018.1 _x(02.062) _z37.018.1(02.062) |
||
| 080 |
_aБългарска литература _b821.163.2 _x-94 _z821.163.2-94 |
||
| 100 | 1 |
_aДаскалова, Фидана Георгиева _eпърви автор _9364173 |
|
| 139 |
_aДаскалова, Фидана Георгиева _bД 24 |
||
| 245 | 1 | 0 |
_aАз бях майка на вундеркинд _bЗа ранното позитивно възпитание на свръхнадарените деца _cФидана Георгиева Даскалова. |
| 257 | _aBGR | ||
| 260 |
_аСофия _bДаниела Убенова _c2005 |
||
| 300 |
_a216 с. _c21 см |
||
| 380 | _a3 | ||
| 500 | _aОфс. изд. | ||
| 650 | 4 |
_aДетска и педагогическа психология _9244538 |
|
| 650 | 4 |
_aВъзпитание в семейството _9242361 |
|
| 650 | 4 |
_aДеца, даровити - обучение и възпитание _9293905 |
|
| 653 | _aдаровити деца | ||
| 653 | _aвундеркинди | ||
| 653 | _aсемейно възпитание | ||
| 653 | _aдетска психология | ||
| 653 | _aпедагогическа психология | ||
| 852 | _aЦб 232249 | ||
| 856 | 4 |
_qpdf _u |
|
| 856 | 4 |
_qpdf _u |
|
| 942 |
_cKNG _n0 _01 |
||
| 944 |
_aCR _c12.03.2007 _lф / _kЛюдмила_Стоянова |
||
| 944 |
_aED _c25.10.2016 _lф / _kЛюдмила_Стоянова |
||
| 999 |
_c68407 _d68407 |
||